Το μηδέν και το άπειρο
Αποθηκεύτηκε σε:
| Κύριος συγγραφέας: | |
|---|---|
| Μορφή: | Βιβλίο |
| Γλώσσα: | Greek English |
| Δημοσίευση: |
Αθήνα :
Κάκτος,
[1974]
|
| Θέματα: | |
| Ετικέτες: |
Προσθήκη ετικέτας
Δεν υπάρχουν, Καταχωρήστε ετικέτα πρώτοι!
|
MARC
| LEADER | 00000cam a2200000 i 4500 | ||
|---|---|---|---|
| 001 | 1/81597 | ||
| 008 | 050719s1974 gr | ||| |||| ||gre|| | ||
| 035 | |l 10079310 | ||
| 040 | |a GR-MyUa |b gre |e AACR2 | ||
| 041 | 1 | |a gre |h eng | |
| 082 | 7 | |a 823 |2 (22) | |
| 100 | 1 | |a Koestler, Arthur, |d 1905-1983. | |
| 245 | 1 | 3 | |a Το μηδέν και το άπειρο / |c Άρθουρ Καίστλερ ; απόδοση στα ελληνικά Βασ. Λ. Καζαντζή. |
| 260 | |a Αθήνα : |b Κάκτος, |c [1974] | ||
| 300 | |a 242 σ. ; |c 21 εκ. | ||
| 500 | |a Τίτλος πρωτοτύπου: Darkness at noon. | ||
| 650 | 0 | |a English fiction. | |
| 852 | |a INST |b RHODES |c KRI |e 20050719 |h 823 ΚΟΕ |p 005400022882 |q 005400022882 |t BK |y 0 | ||
| 852 | |a INST |b SYROS |e 20130603 |h 823 KOE |p 005500011574 |q 005500011574 |t BK |y 0 | ||
| 901 | |a BIBL5-2013-1 | ||
| 901 | |a BIBL4-2005-2 | ||
| 970 | |a Σιδερή |b Νεκταρία |z 19/07/2005 | ||